000 00615nam a2200181Ia 4500
008 090124s9999 xx 000 0 und d
082 _b18509
100 _aकाळे वसंत पुरूषोत्तम
245 _a माय़ा बाजार
250 _a1
260 _bमेनका प्रकाशन
_c1977
300 _a116
600 _aकाळे वसंत पुरूषोत्तम
630 _a माय़ा बाजार
700 _aकाळे वसंत पुरूषोत्तम
730 _a माय़ा बाजार
942 _cBOOK
999 _c89561
_d89561